01653nam a2200421Ia 4500001000900000003000500009005001700014008004100031010001100072020001800083040000900101082001900110100003100129245013600160250001100296260003900307300001600346500007900362503002900441504003100470590001900501650004500520650002700565650005200592650002600644650002800670650002500698700003100723700003900754700003800793901001900831902000600850905006300856942001500919999001900934952014000953952013801093dia_3287CHAP20221215121211.0220117s1999 xx 000 0 und d a170720 a970-17-0264-6 cCHAP a519.5 W35 1999 aWalpole, Ronald E.9120956 aProbabilidad y estadística para ingenieros /c Ronald E. Walpole, Raymond H. Myers y Sharon L. Myers ; traducción Ricardo Cruz a6a ed. aMéxico :b Prentice-Hall,c1999 axii, 739 p. aTítulo original: Probability and statistics for engineers and scientists aEj.1 i.200388 \ Ej.2 C/e aBibliografía: p. 667-669 aTA340 W35 1999 aEngineeringxStatistical methods9147798 aEstadística 938241 aIngenieríaxMétodos estadísticos 958191 aProbabilidad 991685 aProbabilities 9147799 aStatistics 9144311 aCruz, Ricardo, tr.9146999 aMyers, Raymond H., coaut. 9147800 aMyers, Sharon L., coaut. 9147801 a519.5 W35 1999 aM a5232271999 MX mn 8222223322SPA16 cLIBRO2ddc c170720d170720 00102ddc40708GRALaIA_bIA_d2022-01-18f1l6m5o519.5 W35 1999pdia_005424r2025-05-13 17:53:22s2025-05-13t2w2022-01-18yLIBRO 00102ddc40708GRALaIA_bIA_d2022-01-18f1l10o519.5 W35 1999pdia_004892r2024-10-30 18:29:54s2024-10-30t1w2022-01-18yLIBRO